|
|
|
|
| LEADER |
00000naa2a2200000 4500 |
| 001 |
629091 |
| 005 |
20231101133538.0 |
| 035 |
|
|
|a (RuTPU)RU\TPU\conf\29533
|
| 035 |
|
|
|a RU\TPU\conf\29528
|
| 090 |
|
|
|a 629091
|
| 100 |
|
|
|a 20190130d2019 k y0rusy50 ca
|
| 101 |
0 |
|
|a rus
|
| 102 |
|
|
|a RU
|
| 105 |
|
|
|a y z 101zy
|
| 135 |
|
|
|a drcn ---uucaa
|
| 181 |
|
0 |
|a i
|
| 182 |
|
0 |
|a b
|
| 200 |
1 |
|
|a Исследование шумовых характеристик выходного напряжения генератора сигналов прецизионного ГС-50
|f А. С. Орехова
|g науч. рук. Ю. К. Рыбин
|
| 203 |
|
|
|a Текст
|c электронный
|
| 225 |
1 |
|
|a Компьютерное моделирование и интеллектуальный анализ данных
|
| 230 |
|
|
|a 1 компьютерный файл (pdf; 296 Кb)
|
| 300 |
|
|
|a Заглавие с титульного экрана
|
| 320 |
|
|
|a [Библиогр.: с. 191 (3 назв.)]
|
| 463 |
|
0 |
|0 (RuTPU)RU\TPU\conf\29427
|t Молодежь и современные информационные технологии
|o сборник трудов XVI Международной научно-практической конференции студентов, аспирантов и молодых учёных, 3-7 декабря 2018 г., г. Томск
|f Национальный исследовательский Томский политехнический университет, Инженерная школа информационных технологий и робототехники ; под ред. Д. М. Сонькина [и др.]
|v [С. 190-191]
|d 2019
|
| 610 |
1 |
|
|a электронный ресурс
|
| 610 |
1 |
|
|a труды учёных ТПУ
|
| 610 |
1 |
|
|a шумовые характеристики
|
| 610 |
1 |
|
|a выходное напряжение
|
| 610 |
1 |
|
|a генераторы сигналов
|
| 610 |
1 |
|
|a операционные усилители
|
| 610 |
1 |
|
|a электронные устройства
|
| 700 |
|
1 |
|a Орехова
|b А. С.
|
| 702 |
|
1 |
|a Рыбин
|b Ю. К.
|c специалист в области контрольно-измерительной техники
|c профессор Томского политехнического университета, доктор технических наук
|f 1943-
|g Юрий Константинович
|2 stltpush
|4 727
|
| 712 |
0 |
2 |
|a Национальный исследовательский Томский политехнический университет
|b Инженерная школа информационных технологий и робототехники
|b Отделение автоматизации и робототехники (ОАР)
|h 7952
|2 stltpush
|3 (RuTPU)RU\TPU\col\23553
|
| 801 |
|
2 |
|a RU
|b 63413507
|c 20201229
|g RCR
|
| 856 |
4 |
|
|u http://earchive.tpu.ru/handle/11683/52705
|
| 942 |
|
|
|c BK
|